Les 20 villes les plus peuplées de la Marne (51) - Statistiques

Statistiques générales
  • Ce quiz a été pris 48 fois
  • Le résultat moyen est 11 sur 20
Statistiques - réponses
HINT HINT ANSWER % Correct
22 022 É Épernay
100%
178 478 R Reims
100%
43 218 C Châlons-en-Champagne
98%
11 349 V Vitry-le-François
89%
10 662 T Tinqueux
75%
6 454 C Cormontreuil
68%
4 166 S Sainte-Menehould
66%
4 958 W Witry-lès-Reims
64%
5 884 F Fismes
55%
4 456 B Bezannes
52%
4 679 S Sézanne
50%
3 898 S Suippes
50%
7 030 B Bétheny
48%
5 439 S Saint-Memmie
45%
4 984 M Mourmelon-le-Grand
41%
3 551 M Montmirail
36%
5 148 A Aÿ-Champagne
34%
4 886 F Fagnières
34%
3 546 S Saint-Brice-Courcelles
27%
3 120 B Blancs-Coteaux
16%
Aucun quiz correspondant
Distribution des résultats
% des personnes avec chaque résultat
Percentile par nombre de réponses
Votre historique - résultats
Vous n’avez pas pris ce quiz